[Event "AUTO-MASTER-3295"]
[Site "http://www.queenalice.com/game.php?id=1868909"]
[Date "2026.2.4"]
[Round "1"]
[White "rmvwoods"]
[Black "attachui"]
[Result "0-1"]
[WhiteElo "1997"]
[BlackElo "2116"]

1. e4 c5 2. Nf3 d6 3. Bb5+ Nd7 4. d4 cxd4 5. Qxd4 a6 6. Bc4 Ngf6 7. O-O b5 8.
Bd5 Rb8 9. Bg5 Nxd5 10. exd5 f6 11. Be3 Ne5 12. Nbd2 Bf5 13. Rac1 Rc8 14. c3 Nd3
15. Rb1 h6 16. b3 g5 17. c4 Nb4 18. Ra1 Nc2 19. Qc3 Nxa1 20. Rxa1 Bg7 21. Re1
O-O 22. Nd4 Qd7 23. Nxf5 Qxf5 24. Qb2 Qd3 25. Qb1 bxc4 26. bxc4 Qxb1 27. Rxb1 f5
28. Rc1 Bb2 29. Rc2 Ba3 30. h3 e5 31. dxe6 Rfe8 32. h4 f4 33. Bd4 Rxe6 34. hxg5
hxg5 35. Nf3 g4 36. Nh2 Re1+ 37. Nf1 Rb8 38. Bc3 Rd1 0-1

[Event "AUTO-MASTER-3295"]
[Site "http://www.queenalice.com/game.php?id=1868910"]
[Date "2026.2.4"]
[Round "1"]
[White "attachui"]
[Black "rmvwoods"]
[Result "1-0"]
[WhiteElo "2152"]
[BlackElo "2054"]

1. d4 d5 2. c4 c6 3. Nf3 Nf6 4. Nc3 e6 5. Bg5 h6 6. Bh4 dxc4 7. e4 Be7 8. Bxc4
O-O 9. O-O b5 10. Bd3 Bb7 11. Rc1 Nbd7 12. Bb1 b4 13. Na4 Nh5 14. Bxe7 Qxe7 15.
d5 cxd5 16. exd5 Bxd5 17. Rc7 Rfc8 18. Qc2 1-0

[Event "AUTO-OPEN-4646"]
[Site "http://www.queenalice.com/game.php?id=1871374"]
[Date "2026.4.4"]
[Round "1"]
[White "attachui"]
[Black "xadreco5"]
[Result "0-1"]
[WhiteElo "2093"]
[BlackElo "2439"]

1. d4 d5 2. c4 c6 3. Nf3 Nf6 4. Nc3 e6 5. Bg5 Be7 6. e3 Nbd7 7. Rc1 O-O 8. Ne5
Nxe5 9. dxe5 Nd7 10. Bf4 a5 11. cxd5 exd5 12. Bd3 Re8 13. O-O Bf8 0-1

[Event "AUTO-OPEN-4646"]
[Site "http://www.queenalice.com/game.php?id=1871375"]
[Date "2026.4.4"]
[Round "1"]
[White "xadreco5"]
[Black "attachui"]
[Result "1-0"]
[WhiteElo "2428"]
[BlackElo "2247"]

1. d4 Nf6 2. c4 g6 3. Nc3 Bg7 4. e4 O-O 5. Nf3 d6 6. Bd3 e5 7. dxe5 dxe5 8. O-O
Nc6 9. h3 Ne8 10. b3 Be6 11. Ba3 1-0

[Event "AUTO-OPEN-4646"]
[Site "http://www.queenalice.com/game.php?id=1871377"]
[Date "2026.4.4"]
[Round "1"]
[White "maurice916"]
[Black "attachui"]
[Result "0-1"]
[WhiteElo "1902"]
[BlackElo "2099"]

1. Nf3 d5 2. b3 Nf6 3. Bb2 g6 4. e3 Bg7 5. d4 O-O 6. Be2 c5 7. dxc5 Qa5+ 8. c3
Qxc5 9. O-O Nc6 10. Ba3 Qb6 11. Nbd2 Re8 12. Re1 e5 13. h3 d4 14. cxd4 exd4 15.
e4 Nxe4 16. Bc4 Nf6 17. Rxe8+ Nxe8 18. Qe1 Bf5 19. Nh2 Nf6 20. Ndf3 Re8 21. Qc1
Ne4 22. Bb2 Nc3 23. Bxc3 dxc3 24. Qf4 c2 25. Rc1 Ne5 26. Qd2 Nxc4 27. bxc4 Rd8
28. Qe2 Qb1 29. Qe1 Rd1 30. Rxd1 cxd1=Q 0-1

[Event "AUTO-MASTER-3300"]
[Site "http://www.queenalice.com/game.php?id=1871432"]
[Date "2026.4.5"]
[Round "1"]
[White "attachui"]
[Black "cerenzo72"]
[Result "0-1"]
[WhiteElo "2111"]
[BlackElo "2125"]

1. d4 Nf6 2. c4 g6 3. Nc3 Bg7 4. e4 d6 5. f4 O-O 6. Nf3 Bg4 7. e5 dxe5 8. dxe5
Nfd7 9. h3 Bxf3 10. Qxf3 Nc6 11. Be2 Nd4 12. Qd3 Nxe2 13. Nxe2 e6 14. Be3 Qe7
0-1

[Event "AUTO-MASTER-3300"]
[Site "http://www.queenalice.com/game.php?id=1871433"]
[Date "2026.4.5"]
[Round "1"]
[White "cerenzo72"]
[Black "attachui"]
[Result "1-0"]
[WhiteElo "2113"]
[BlackElo "2123"]

1. c4 Nf6 2. d4 g6 3. Nf3 Bg7 4. Nc3 O-O 5. e4 d6 6. g3 e5 7. Bg5 h6 8. Be3 Ng4
9. Qd2 Nc6 10. Bg2 Nxe3 11. fxe3 Bg4 12. h3 Bxf3 13. Bxf3 exd4 14. exd4 Nxd4 15.
Bg2 f5 16. O-O-O 1-0

[Event "AUTO-ELITE-2618"]
[Site "http://www.queenalice.com/game.php?id=1871552"]
[Date "2026.4.6"]
[Round "1"]
[White "Guilherme_Ottoni"]
[Black "attachui"]
[Result "1-0"]
[WhiteElo "2263"]
[BlackElo "2124"]

1. e4 c5 2. Nf3 d6 3. Bb5+ Nd7 4. O-O a6 5. Bd3 Ngf6 6. Re1 g6 7. c3 Bg7 8. Bc2
O-O 9. d4 cxd4 10. cxd4 b5 11. a4 Bb7 12. Nbd2 e5 13. d5 1-0

[Event "AUTO-ELITE-2618"]
[Site "http://www.queenalice.com/game.php?id=1871554"]
[Date "2026.4.6"]
[Round "1"]
[White "ichtus"]
[Black "attachui"]
[Result "1-0"]
[WhiteElo "2836"]
[BlackElo "2239"]

1. Nf3 d5 2. g3 Nf6 3. Bg2 c5 4. O-O Nc6 5. d4 cxd4 6. Nxd4 e5 7. Nxc6 bxc6 8.
c4 Bb7 9. cxd5 cxd5 10. Bg5 Be7 11. Nc3 1-0

[Event "AUTO-OPEN-4607"]
[Site "http://www.queenalice.com/game.php?id=1872188"]
[Date "2026.4.18"]
[Round "3"]
[White "attachui"]
[Black "WoodpusherKid"]
[Result "0-1"]
[WhiteElo "2084"]
[BlackElo "2705"]

1. d4 d5 2. c4 e6 3. Nc3 Nf6 4. Nf3 Bb4 5. Bg5 dxc4 6. e4 h6 7. Bxf6 Qxf6 8.
Bxc4 c5 9. O-O cxd4 10. e5 Qd8 11. Qa4+ Nc6 12. Ne4 Bd7 13. Bb5 Qb6 14. Rfd1
O-O-O 15. Rac1 Kb8 16. Rd3 Rc8 17. a3 Be7 18. h3 Nxe5 19. Rxc8+ Rxc8 20. Bxd7
Rc1+ 21. Kh2 Nxd3 22. Nxd4 Nxb2 23. Qb5 Qxd4 24. f3 Bd6+ 25. Nxd6 Qxd6+ 0-1

[Event "AUTO-OPEN-4650"]
[Site "http://www.queenalice.com/game.php?id=1872786"]
[Date "2026.5.2"]
[Round "1"]
[White "attachui"]
[Black "MarcosT"]
[Result "0-1"]
[WhiteElo "2091"]
[BlackElo "2100"]

1. d4 d5 2. c4 Nf6 3. cxd5 Qxd5 4. Nc3 Qd8 5. Nf3 e6 6. e4 Bb4 7. Bg5 Be7 8.
Bb5+ c6 9. Ba4 O-O 10. O-O b5 11. Bb3 b4 12. Bxf6 Bxf6 0-1

[Event "AUTO-OPEN-4652"]
[Site "http://www.queenalice.com/game.php?id=1873414"]
[Date "2026.5.15"]
[Round "1"]
[White "attachui"]
[Black "mvson33"]
[Result "1-0"]
[WhiteElo "2073"]
[BlackElo "1862"]

1. d4 Nf6 2. c4 d5 3. cxd5 Nxd5 4. e4 Nf6 5. Nc3 e6 6. Bf4 Be7 7. Rc1 O-O 8. Bc4
Nc6 9. Nb5 a6 10. Nxc7 Ra7 11. d5 exd5 12. exd5 Nb8 13. d6 Bxd6 14. Bxd6 Ne4 15.
Bxf8 Qxf8 16. Qd4 Nf6 17. Qxa7 Qe7+ 18. Qe3 Qxe3+ 19. fxe3 Bg4 20. Nf3 1-0

[Event "AUTO-OPEN-4652"]
[Site "http://www.queenalice.com/game.php?id=1873442"]
[Date "2026.5.15"]
[Round "1"]
[White "attachui"]
[Black "EdsonEstevam"]
[Result "1-0"]
[WhiteElo "2082"]
[BlackElo "1784"]

1. d4 d5 2. c4 Nf6 3. cxd5 Nxd5 4. e4 Nb6 5. Nf3 c6 6. Bf4 g6 7. Nbd2 Bg4 8. Be2
N8d7 9. h3 Bxf3 10. Nxf3 Bg7 11. Qb3 O-O 12. Rd1 e6 13. e5 Qc7 14. O-O Nd5 15.
Bh2 N5f6 16. exf6 Qd6 17. Bxd6 Rfe8 18. fxg7 Kxg7 19. Qxb7 Nf6 20. Ne5 a5 21.
Qxf7+ Kh8 22. Qxf6+ 1-0